Estadísticas para 15 principales países afectados por Covid19 - 27 de octubre 2021

Haz click aquí para intentar la prueba.

Estadísticas generales

  • Esta prueba ha sido intentada 8 veces
  • La puntuación promedio es 17 de 27

Estadísticas de respuestas

país% Correcto
Alemania
100%
Argentina
100%
Brasil
100%
España
100%
Estados Unidos
100%
Francia
100%
India
100%
Italia
100%
México
100%
Rusia
100%
Reino Unido
88%
Colombia
75%
Irán
75%
Bélgica
50%
Israel
50%
Países Bajos
50%
Turquía
50%
Uruguay
50%
Chequia
38%
Eslovenia
38%
Indonesia
38%
Serbia
38%
Suecia
38%
Baréin
13%
Estonia
13%
Georgia
13%
Lituania
13%

Distribución de puntuación

Porcentaje por número respondido

Porcentaje de gente con cada puntuación

Historial de tus puntuaciones

No has intentado esta prueba.